|
|
|
|
| LEADER |
00000nam0a2200000 4500 |
| 001 |
303606 |
| 005 |
20231101010144.0 |
| 035 |
|
|
|a (RuTPU)RU\TPU\book\328830
|
| 090 |
|
|
|a 303606
|
| 100 |
|
|
|a 20150903d1983 km y0rusy50 ca
|
| 101 |
0 |
|
|a rus
|
| 102 |
|
|
|a LV
|
| 105 |
|
|
|a a z 001zy
|
| 200 |
1 |
|
|a Структура терминальных комплексов на базе мини/микро-ЭВМ
|f В. В. Пирогов, Е. Ю. Базылева
|g Академия наук Латвийской ССР (АН ЛатССР), Институт электроники и вычислительной техники (ИЭиВТ) ; под ред. Э. А. Якубайтис
|
| 210 |
|
|
|a Рига
|c Изд-во ИЭиВТ
|d 1983
|
| 215 |
|
|
|a 52 с.
|c ил.
|
| 320 |
|
|
|a Библиогр.: с. 51
|
| 606 |
1 |
|
|a Вычислительные сети
|x Управление
|2 stltpush
|3 (RuTPU)RU\TPU\subj\4246
|
| 610 |
1 |
|
|a терминальные комплексы
|
| 610 |
1 |
|
|a структура
|
| 610 |
1 |
|
|a мини-ЭВМ
|
| 610 |
1 |
|
|a микро-ЭВМ
|
| 610 |
1 |
|
|a структурные особенности
|
| 610 |
1 |
|
|a физическая структура
|
| 610 |
1 |
|
|a программные средства
|
| 610 |
1 |
|
|a примеры
|
| 675 |
|
|
|a 681.324
|v 4
|
| 700 |
|
1 |
|a Пирогов
|b В. В.
|g Владимир Витальевич
|
| 701 |
|
1 |
|a Базылева
|b Е. Ю.
|g Елена Юрьевна
|
| 702 |
|
1 |
|a Якубайтис
|b Э. А.
|4 340
|
| 712 |
0 |
2 |
|a Академия наук Латвийской ССР (АН ЛатССР)
|b Институт электроники и вычислительной техники (ИЭиВТ)
|2 stltpush
|3 (RuTPU)RU\TPU\col\6601
|
| 801 |
|
1 |
|a RU
|b 63413507
|c 20150903
|
| 801 |
|
2 |
|a RU
|b 63413507
|c 20190419
|g RCR
|
| 942 |
|
|
|c BK
|